Kórejská republika - Južná Kórea

Charakteristika Kórejskej republiky z hospodárskeho hľadiska. Hlavné odvetvia národného hospodárstva. Doprava. Hrubý domáci produkt, financie, investície. Štruktúra zahraničného obchodu. Dovozný a vývozný režim. Obchodné a ekonomické vzťahy medzi Kóreou a Slovenskom v r. 1993-1995. Praktické informá...

Descrizione completa

Salvato in:
Dettagli Bibliografici
Autore principale: Štrba, M.
Natura: Capitolo di libro
Lingua:slovacco
Soggetti:
Tags: Aggiungi Tag
Nessun Tag, puoi essere il primo ad aggiungerne!!

MARC

LEADER 00000naa a2200000 4500
001 r021494
005 20230921075249.3
041 0 |a slo 
044 |a SK 
245 1 0 |a Kórejská republika - Južná Kórea  |c M. Štrba 
520 |a Charakteristika Kórejskej republiky z hospodárskeho hľadiska. Hlavné odvetvia národného hospodárstva. Doprava. Hrubý domáci produkt, financie, investície. Štruktúra zahraničného obchodu. Dovozný a vývozný režim. Obchodné a ekonomické vzťahy medzi Kóreou a Slovenskom v r. 1993-1995. Praktické informácie. 
610 2 0 |a Slovensko 
610 2 0 |a Južná Kórea 
610 2 0 |a hospodárstvo národné 
610 2 0 |a doprava 
610 2 0 |a produkt domáci hrubý 
610 2 0 |a investície 
610 2 0 |a financie štátne 
610 2 0 |a obchod zahraničný 
610 2 0 |a dovoz 
610 2 0 |a vývoz 
610 2 0 |a trh vnútorný 
610 2 0 |a spotreba 
610 2 0 |a pomoc zahraničná 
610 2 0 |a situácia hospodárska 
100 1 |a Štrba, M.